[Event "Troy (TCC/DEU/3/8)"]
[Site "?"]
[Date "1993.??.??"]
[Round "?"]
[White "Jankowski, A."]
[Black "Bannister, K."]
[Result "0-1"]
[WhiteElo "1605"]
[BlackElo "1605"]
[PlyCount "92"]
[EventDate "1993.??.??"]

{3/(8)} 1. e4 c5 2. Bc4 Nc6 3. Nc3 d6 4. Nge2 Ne5 5. Bb3 Bd7 6. d3 a5 7. O-O b5
8. a3 g6 9. h3 Bg7 10. f4 Nc6 11. Nxb5 Qb6 12. Bc4 Nf6 13. e5 dxe5 14. c3 exf4
15. Bxf4 O-O 16. a4 e5 17. Bg5 Na7 18. Ng3 Nxb5 19. axb5 Ne8 20. Qf3 Nd6 21.
Bd5 Ra7 22. c4 Be6 23. Bc6 Nf5 24. Ne4 Nd4 25. Nf6+ Kh8 26. Qe4 Qc7 27. Ne8 Qb8
28. Nxg7 Kxg7 29. Bf6+ Kg8 30. Bxe5 Qb6 31. Bxd4 Bf5 32. Qe5 cxd4 33. c5 Qd8
34. Rf4 Qg5 35. Rxd4 Re7 36. Qh2 Qe3+ 37. Kh1 Qxd4 38. Qd6 Qe3 39. Be4 Bxe4 40.
dxe4 Qxe4 41. c6 Re6 42. Qd7 Qc4 43. c7 Rfe8 44. b6 Re1+ 45. Rxe1 Rxe1+ 46. Kh2
Qf4+ 0-1

[Event "Troy (TCC/C/5/2)"]
[Site "?"]
[Date "1993.??.??"]
[Round "?"]
[White "James, Larry"]
[Black "Purkey, L."]
[Result "0-1"]
[WhiteElo "1605"]
[BlackElo "1605"]
[PlyCount "100"]
[EventDate "1993.??.??"]

{5/(2)} 1. e4 g6 2. Nc3 Bg7 3. Nf3 d6 4. d4 Nf6 5. Be2 O-O 6. Be3 c6 7. h3 Qb6
8. Rb1 Nbd7 9. Qd2 Qc7 10. Bh6 e5 11. Bxg7 Kxg7 12. dxe5 dxe5 13. Rd1 Qb6 14.
Na4 Qc7 15. Bd3 b6 16. Qc3 Bb7 17. O-O Rad8 18. b3 c5 19. Qe1 a6 20. Nc3 b5 21.
Qe3 Rfe8 22. Nh2 Nb6 23. f4 c4 24. fxe5 Rxe5 25. Rxf6 Kxf6 26. Ng4+ Kg7 27.
Qh6+ Kh8 28. Nxe5 Qxe5 29. Qh4 Qd4+ 30. Qf2 Qxf2+ 31. Kxf2 cxd3 32. cxd3 Kg7
33. Ke3 Re8 34. Kd4 f5 35. Kc5 Nc8 36. exf5 gxf5 37. Rd2 Re6 38. d4 Rc6+ 39.
Kb4 a5+ 40. Kxa5 Rxc3 41. Kxb5 Nd6+ 42. Kb4 Rg3 43. a4 Bxg2 44. a5 Bd5 45. Ra2
Nc8 46. a6 Rxb3+ 47. Kc5 Rb5+ 48. Kxb5 Bxa2 49. Kc6 f4 50. d5 Ne7+ 0-1

[Event "Troy (TCC/C/1b/4)"]
[Site "?"]
[Date "1993.??.??"]
[Round "?"]
[White "James, Larry"]
[Black "Hooks, Jerry"]
[Result "1-0"]
[WhiteElo "1605"]
[BlackElo "1605"]
[PlyCount "123"]
[EventDate "1993.??.??"]

1. e4 Nf6 2. Nc3 d5 3. exd5 Nxd5 4. Nxd5 Qxd5 5. Nf3 Bg4 6. Be2 Bxf3 7. Bxf3
Qe5+ 8. Qe2 Qxe2+ 9. Bxe2 Nd7 10. d4 e6 11. a3 Nb6 12. c4 Be7 13. O-O Bf6 14.
Be3 Rd8 15. Rfd1 O-O 16. Rac1 c6 17. b3 h6 18. Bf3 Bg5 19. Bxg5 hxg5 20. Rc3
Rd7 21. h3 Rfd8 22. Rcd3 Nc8 23. Kf1 Ne7 24. Be4 g6 25. g4 Kg7 26. Ke2 f5 27.
Bf3 Kf6 28. Ke3 f4+ 29. Ke4 Ng8 30. d5 exd5+ 31. cxd5 cxd5+ 32. Rxd5 Rxd5 33.
Rxd5 Rxd5 34. Kxd5 Ne7+ 35. Kd6 b6 36. Kc7 Ke5 37. Kb7 Nd5 38. Kxa7 b5 39. Ka6
Nc3 40. Bc6 Ne4 41. Kxb5 Nxf2 42. a4 Ne4 43. Kb6 f3 44. a5 f2 45. Bb5 Kf4 46.
a6 Ke3 47. a7 Nc3 48. Bc4 Ne2 49. a8=Q f1=Q 50. Qe8+ Kd2 51. Qd8+ Ke1 52. Qxg5
Qf2+ 53. Qc5 Qf6+ 54. Ka5 Qd8+ 55. Qb6 Qg5+ 56. Ka6 Nf4 57. Qe3+ Kd1 58. Be2+
Kc2 59. Bd3+ Kb2 60. Qd4+ Ka2 61. Qa4+ Kb2 62. Bb5 1-0

[Event "Troy (TCC/C/3/9)"]
[Site "?"]
[Date "1993.??.??"]
[Round "?"]
[White "James, Larry"]
[Black "Hayes, P."]
[Result "1-0"]
[WhiteElo "1605"]
[BlackElo "1605"]
[PlyCount "85"]
[EventDate "1993.??.??"]

{3/(9)} 1. e4 e5 2. f4 exf4 3. Nf3 d6 4. Bc4 Be7 5. d4 Bh4+ 6. Kf1 g5 7. Nxh4
gxh4 8. Bxf4 Qf6 9. Qd2 Ne7 10. Kg1 Ng6 11. Bg5 Qg7 12. Qf2 Rg8 13. Nc3 c6 14.
Bh6 Qxh6 15. Qxf7+ Kd8 16. Qxg8+ Kc7 17. Qf7+ Bd7 18. Rf1 Na6 19. e5 Rf8 20.
exd6+ Kc8 21. Qxf8+ Nxf8 22. Kf2 Qxd6 23. Ke3 Qh6+ 24. Ke4 Qg6+ 25. Ke3 Qg5+
26. Ke4 Ng6 27. Rf2 Qe7+ 28. Kd3 Nb4+ 29. Kd2 Qg5+ 30. Kd1 Bg4+ 31. Be2 Qe3 32.
Bxg4+ Kd8 33. Re2 Qg5 34. Bf3 Nf4 35. Re5 Qg8 36. a3 Nbd5 37. Nxd5 Nxd5 38.
Rhe1 Kc7 39. Bxd5 cxd5 40. Re7+ Kc6 41. R1e6+ Kb5 42. Rxb7+ Kc4 43. Rb4# 1-0

[Event "Troy (TCC/DEU/4/9)"]
[Site "?"]
[Date "1993.??.??"]
[Round "?"]
[White "Jagodzinski, M."]
[Black "DeVoll, J."]
[Result "1-0"]
[WhiteElo "1605"]
[BlackElo "1605"]
[PlyCount "87"]
[EventDate "1993.??.??"]

{4/(9)} 1. e4 e5 2. Nf3 Nf6 3. Nc3 d6 4. Bb5+ Nc6 5. d3 Be6 6. O-O Be7 7. Ng5
O-O 8. Nxe6 fxe6 9. Bc4 d5 10. Bb5 d4 11. Ne2 a6 12. Bc4 Qd7 13. Ng3 Na5 14.
Bb3 Nxb3 15. axb3 Bb4 16. Bg5 b5 17. Rc1 Be7 18. Bd2 c5 19. Qe2 Rab8 20. Rb1
Rbc8 21. f4 exf4 22. Bxf4 Ne8 23. Be5 Bd6 24. Bxd6 Qxd6 25. Rf3 e5 26. Rbf1 Nf6
27. Nf5 Qd7 28. Rg3 g6 29. Rg5 Kh8 30. Nh6 Ng8 31. Ng4 Rxf1+ 32. Qxf1 Qe7 33.
Rxe5 Rf8 34. Qe2 Qc7 35. Rg5 Qa5 36. h3 Qb6 37. Ne5 Qf6 38. Nd7 Qxg5 39. Nxf8
Qe7 40. Qf3 Kg7 41. Nxh7 Kxh7 42. Qg4 Nh6 43. Qg3 Qc7 44. Qxc7+ 1-0

[Event "Troy (TCC/DEU/2/1)"]
[Site "?"]
[Date "1993.??.??"]
[Round "?"]
[White "Jagodzinski, M."]
[Black "Arond, D."]
[Result "0-1"]
[WhiteElo "1605"]
[BlackElo "1605"]
[PlyCount "100"]
[EventDate "1993.??.??"]

{2/(1)} 1. e4 e5 2. Nf3 Nf6 3. Nc3 Nc6 4. Bc4 Nxe4 5. Nxe4 d5 6. Nfg5 dxc4 7.
d3 cxd3 8. Qh5 Qd7 9. O-O Nd8 10. f4 Qg4 11. Qxg4 Bxg4 12. fxe5 dxc2 13. Bd2
Bd1 14. a3 h6 15. Nf3 Ne6 16. Nc3 Bc5+ 17. Kh1 Bxf3 18. Rxf3 Nd4 19. Rd3 Nb3
20. Re1 Bf2 21. Rf1 Nxd2 22. Rxd2 c1=Q 23. Rxc1 Be3 24. Rcd1 Bxd2 25. Rxd2 Rd8
26. Re2 Ke7 27. h3 Rd7 28. Nb5 a6 29. Nc3 Rhd8 30. Re4 Rd4 31. Re2 Rd2 32. Re4
Rxb2 33. Ne2 Rb1+ 34. Kh2 Re1 35. Kg3 Rd2 36. Kf2 Rexe2+ 37. Rxe2 Rxe2+ 38.
Kxe2 Ke6 39. Ke3 Kxe5 40. Kd3 Kd5 41. Kc3 f5 42. Kd3 g5 43. g3 c5 44. Ke3 b5
45. Kd3 b4 46. axb4 cxb4 47. Kc2 Ke4 48. Kb3 a5 49. Ka4 f4 50. gxf4 gxf4 0-1

[Event "Troy (TCC/C/4/7)"]
[Site "?"]
[Date "1993.??.??"]
[Round "?"]
[White "Jagodzinski, J."]
[Black "Solski, Jeff"]
[Result "1-0"]
[WhiteElo "1605"]
[BlackElo "1605"]
[PlyCount "119"]
[EventDate "1993.??.??"]

{4/(7)} 1. e4 d6 2. Nf3 c5 3. d4 cxd4 4. Nxd4 Nf6 5. Nc3 g6 6. Be2 Bg7 7. Be3
a6 8. O-O b5 9. Qd2 b4 10. Nd1 Nxe4 11. Qxb4 Nf6 12. Qa4+ Bd7 13. Bb5 O-O 14.
Bxd7 Qxd7 15. Qxd7 Nbxd7 16. c3 Ng4 17. f4 e5 18. Nc2 Rfe8 19. f5 Rab8 20. Bg5
f6 21. Bd2 d5 22. b4 d4 23. cxd4 exd4 24. Nxd4 Nf8 25. a3 Rbd8 26. Bc3 Ne3 27.
Nxe3 Rxe3 28. Bb2 Bh6 29. fxg6 Rd3 30. gxh7+ Nxh7 31. Nf5 Bf8 32. Rae1 Kf7 33.
Re3 R3d5 34. Ref3 a5 35. bxa5 Ng5 36. Rf4 Rd1 37. h4 Rxf1+ 38. Rxf1 Ne4 39. Kh1
Kg6 40. g4 Rd3 41. Bc1 Ng3+ 42. Nxg3 Rxg3 43. h5+ Kf7 44. Rg1 Rf3 45. Rd1 Ke6
46. Re1+ Kf7 47. h6 Bxa3 48. Bxa3 Rxa3 49. h7 Kg7 50. Re7+ Kh8 51. Ra7 Ra4 52.
a6 Rxg4 53. Rf7 Ra4 54. a7 f5 55. Rf8+ Kxh7 56. a8=Q Rxa8 57. Rxa8 Kg6 58. Kg2
Kg5 59. Kf3 Kf6 60. Kf4 1-0

[Event "Troy (TCC/C/1b/8)"]
[Site "?"]
[Date "1993.??.??"]
[Round "?"]
[White "Jagodzinski, J."]
[Black "Rosebrook, G."]
[Result "1/2-1/2"]
[WhiteElo "1605"]
[BlackElo "1605"]
[PlyCount "108"]
[EventDate "1993.??.??"]

1. e4 c5 2. Nf3 e6 3. d4 cxd4 4. Nxd4 Nf6 5. Nc3 Bb4 6. Bd3 O-O 7. Bd2 Bc5 8.
Nb3 Be7 9. O-O Nc6 10. a3 b6 11. Be3 Bb7 12. f4 e5 13. f5 Rc8 14. Qd2 Ng4 15.
Nd5 Nxe3 16. Nxe7+ Nxe7 17. Qxe3 f6 18. Rf3 Kh8 19. c3 Ng8 20. Nd2 a6 21. Nc4
Rc6 22. Rg3 b5 23. Nd2 d5 24. Nf3 Qb6 25. Qxb6 Rxb6 26. exd5 Bxd5 27. Nh4 Nh6
28. Re1 Rd6 29. Bc2 Bc4 30. b3 Bf7 31. Rd3 Rxd3 32. Bxd3 Bxb3 33. h3 Rd8 34.
Be4 Rd2 35. g4 Ra2 36. Nf3 Rxa3 37. g5 Nf7 38. g6 hxg6 39. fxg6 Nd6 40. Nd2 Be6
41. Rd1 Rxc3 42. Bb1 f5 43. Nf3 Rxf3 44. Rxd6 Rg3+ 45. Kf2 Rxg6 46. Ba2 Bf7 47.
Rd8+ Kh7 48. Bxf7 Rf6 49. Bb3 Kg6 50. Rd5 e4 51. Ke3 Kg5 52. Bd1 Rh6 53. Bg4
Rf6 54. Be2 g6 1/2-1/2

[Event "Ann Arbor (HVA/5/16)"]
[Site "?"]
[Date "1993.??.??"]
[Round "?"]
[White "Jagodzinski, J."]
[Black "Brotherton, D."]
[Result "1/2-1/2"]
[WhiteElo "1605"]
[BlackElo "1605"]
[PlyCount "48"]
[EventDate "1993.??.??"]

{5/(16)} 1. e4 c6 2. Nf3 d5 3. e5 Bf5 4. d4 e6 5. Bd3 Bxd3 6. Qxd3 c5 7. c3 Nc6
8. O-O Qb6 9. b3 Nge7 10. Bg5 h5 11. Na3 Nf5 12. Nc2 Be7 13. Rfd1 Bxg5 14. Nxg5
cxd4 15. cxd4 Rc8 16. Nf3 O-O 17. Ne3 Nxe3 18. fxe3 Ne7 19. e4 dxe4 20. Qxe4
Rfd8 21. Rd2 Nd5 22. Rf1 Rd7 23. Rc2 Rxc2 24. Qxc2 Ne3 1/2-1/2

[Event "Ann Arbor (HVA/2/24)"]
[Site "?"]
[Date "1993.??.??"]
[Round "?"]
[White "Jagodzinski, J."]
[Black "Ballard, C."]
[Result "1-0"]
[WhiteElo "1605"]
[BlackElo "1605"]
[PlyCount "77"]
[EventDate "1993.??.??"]

{2/(24)} 1. e4 e5 2. Nf3 Nf6 3. Nc3 Nc6 4. Bc4 Bc5 5. d3 d6 6. Bg5 Nd4 7. Nxd4
Bxd4 8. Nd5 Be6 9. Nxf6+ gxf6 10. Bxe6 fxe6 11. Qh5+ Kd7 12. Qf7+ Kc6 13. Bxf6
Rf8 14. Bxd8 Rxf7 15. Bh4 Raf8 16. f3 Rg8 17. c3 Be3 18. Ke2 Bh6 19. g4 Rgf8
20. Rhf1 Bf4 21. Bg3 Bxg3 22. hxg3 Rh8 23. Rh1 h6 24. Rh2 Rfh7 25. Rah1 b5 26.
Rh5 Kc5 27. g5 Rg8 28. b4+ Kc6 29. g4 Rf8 30. gxh6 d5 31. exd5+ Kxd5 32. g5 Rg8
33. f4 exf4 34. g6+ e5 35. gxh7 Rh8 36. Rg1 Rxh7 37. Rg7 Rxh6 38. Rxh6 e4 39.
Rg5# 1-0

[Event "Troy (TCC/C/3/4)"]
[Site "?"]
[Date "1993.??.??"]
[Round "?"]
[White "Jagodzinski, J."]
[Black "Alliston, Richard"]
[Result "0-1"]
[WhiteElo "1605"]
[BlackElo "1605"]
[PlyCount "64"]
[EventDate "1993.??.??"]

{3/(4)} 1. e4 e5 2. Nf3 d6 3. Nc3 Nf6 4. d4 exd4 5. Nxd4 Be7 6. Be2 Bd7 7. Be3
Nc6 8. Nxc6 Bxc6 9. Bd3 a6 10. a4 O-O 11. O-O Re8 12. Nd5 g6 13. Nxe7+ Qxe7 14.
Bg5 Qe5 15. Bxf6 Qxf6 16. f3 Qxb2 17. c4 Re5 18. f4 Ra5 19. Rb1 Qd4+ 20. Kh1
Rxa4 21. Qe2 Re8 22. f5 b6 23. fxg6 hxg6 24. Qf3 Re7 25. Rbd1 Bxe4 26. Bxe4
Qxe4 27. Qf6 Rxc4 28. Rf3 Qe6 29. Qa1 a5 30. Rdf1 Re4 31. Rh3 Qe5 32. Rhf3 Qxa1
0-1

[Event "Eastpointe (EDO/1b/11)"]
[Site "?"]
[Date "1993.??.??"]
[Round "?"]
[White "Jackson, Katrina"]
[Black "Grams, Paul"]
[Result "1-0"]
[WhiteElo "1605"]
[BlackElo "1800"]
[PlyCount "103"]
[EventDate "1993.??.??"]

1. d4 Nf6 2. c4 d5 3. Nc3 g6 4. Bg5 Ne4 5. Nxe4 dxe4 6. e3 Bg7 7. c5 O-O 8. Bc4
c6 9. Ne2 Qa5+ 10. Qd2 Qxd2+ 11. Kxd2 e5 12. Ng3 exd4 13. Nxe4 dxe3+ 14. Kxe3
Re8 15. Kf3 Bxb2 16. Bxf7+ Kxf7 17. Nd6+ Kf8 18. Bh6+ Kg8 19. Rab1 Rd8 20. Rxb2
Nd7 21. Nxc8 Nxc5 22. Ne7+ Kf7 23. Re2 Rd3+ 24. Kg4 Rad8 25. Bg5 R8d4+ 26. f4
Ne6 27. Nc8 Ra3 28. Rhe1 Nxg5 29. Kxg5 Ra5+ 30. Re5 Rdd5 31. g3 Rxa2 32. h4 b5
33. Rxd5 cxd5 34. Re7+ Kf8 35. Rxh7 b4 36. Nxa7 b3 37. Rb7 b2 38. Nc6 Ra3 39.
Kxg6 Rxg3+ 40. Kf6 Ke8 41. Ke6 Rg6+ 42. Kxd5 Rh6 43. Rxb2 Rxh4 44. Rb8+ Kf7 45.
Ne5+ Kg7 46. Rb7+ Kg8 47. Ke6 Rxf4 48. Ng6 Rf1 49. Ne5 Rf2 50. Ng4 Rf1 51. Nf6+
Kf8 52. Rf7# 1-0

[Event "Eastpointe (EDO/4/10)"]
[Site "?"]
[Date "1993.??.??"]
[Round "?"]
[White "Jackson, K."]
[Black "Robbins, Fred"]
[Result "0-1"]
[WhiteElo "1605"]
[BlackElo "1930"]
[PlyCount "82"]
[EventDate "1993.??.??"]

{4/(10)} 1. d4 Nf6 2. c4 c5 3. Nf3 g6 4. e3 Bg7 5. Ng5 O-O 6. Nc3 cxd4 7. exd4
d6 8. h3 Nc6 9. d5 Ne5 10. Bf4 Ned7 11. Be2 Nc5 12. O-O h6 13. Nf3 Nfe4 14.
Nxe4 Nxe4 15. Bd3 Nc5 16. Qd2 Nxd3 17. Bxh6 Nc5 18. h4 e5 19. dxe6 Bxe6 20. b3
Bxa1 21. Bxf8 Qxf8 22. Rxa1 Qg7 23. Re1 Rd8 24. Nd4 Qf6 25. Nxe6 Nxe6 26. Qd5
b6 27. Qb7 Qc3 28. Kf1 Nf4 29. Re3 Qa1+ 30. Re1 Qxa2 31. g3 Nd3 32. Re2 Qxb3
33. Qc7 Rf8 34. Kg2 Qd1 35. Re7 Qd2 36. Qxd6 Qxf2+ 37. Kh3 Qf1+ 38. Kg4 Nf2+
39. Kg5 Qc1+ 40. Qf4 Nh3+ 41. Kg4 Nxf4 0-1

[Event "Westland (MI Women/3/4)"]
[Site "?"]
[Date "1993.??.??"]
[Round "?"]
[White "Jackson, K."]
[Black "Raupp, Sarah"]
[Result "0-1"]
[WhiteElo "1605"]
[BlackElo "1605"]
[PlyCount "108"]
[EventDate "1993.??.??"]

{3/(4)} 1. d4 f5 2. c4 e6 3. a3 b6 4. Nc3 Bb7 5. Nf3 Nf6 6. Bg5 Be7 7. Bxf6
Bxf6 8. e3 d5 9. Bd3 Nd7 10. O-O O-O 11. cxd5 Bxd5 12. Nxd5 exd5 13. Re1 Re8
14. Bxf5 c6 15. e4 g6 16. Bxd7 Qxd7 17. exd5 Qxd5 18. Rxe8+ Rxe8 19. g3 Qh5 20.
Qb3+ Kg7 21. Re1 Rxe1+ 22. Nxe1 Bxd4 23. Ng2 Qe2 24. Ne3 Qxb2 25. Qxb2 Bxb2 26.
Nc4 Bd4 27. a4 b5 28. axb5 cxb5 29. Na5 Bc5 30. Kf1 Kf6 31. Ke2 Ke5 32. Kd3
Bxf2 33. Nc6+ Kd6 34. Nb4 a5 35. Nc2 Kc5 36. Na1 a4 37. Ke2 Bd4 38. Nc2 b4 39.
Kd3 Bc3 40. Na3 Ba1 41. Nc2 Bf6 42. Kd2 Kc4 43. Kc1 b3 44. Na3+ Kb4 45. Nb1 a3
46. Nd2 a2 47. Ne4 a1=Q+ 48. Kd2 Qd4+ 49. Ke1 Qxe4+ 50. Kf2 Bd4+ 51. Kf1 Qe3
52. Kg2 h5 53. h4 Qf2+ 54. Kh3 Qg1 0-1

[Event "Eastpointe (EDO/3/17)"]
[Site "?"]
[Date "1993.??.??"]
[Round "?"]
[White "Jackson, K."]
[Black "Hartwig, Thomas"]
[Result "1-0"]
[WhiteElo "1605"]
[BlackElo "1605"]
[PlyCount "57"]
[EventDate "1993.??.??"]

{3/(17)} 1. d4 Nf6 2. c4 c5 3. Nc3 e6 4. Nf3 cxd4 5. Qxd4 d5 6. cxd5 Nxd5 7.
Nxd5 Qxd5 8. Qxd5 exd5 9. Bf4 Nc6 10. e3 Be6 11. Bb5 Bb4+ 12. Ke2 O-O 13. a3
Bc5 14. b4 Bb6 15. Bxc6 bxc6 16. Ng5 a5 17. Nxe6 fxe6 18. Rac1 Rfc8 19. Rb1
axb4 20. axb4 c5 21. Rhc1 cxb4 22. Rxc8+ Rxc8 23. Rxb4 Bc5 24. Rb2 Re8 25. Rb5
Rc8 26. Be5 Ba7 27. Rb7 Bc5 28. Rxg7+ Kh8 29. Rg5# 1-0

[Event "Eastpointe (EDO/5/11)"]
[Site "?"]
[Date "1993.??.??"]
[Round "?"]
[White "Jackson, J."]
[Black "Walls, R."]
[Result "0-1"]
[WhiteElo "1835"]
[BlackElo "1605"]
[PlyCount "116"]
[EventDate "1993.??.??"]

{5/(11)} 1. e4 e5 2. Nf3 Nf6 3. d4 d5 4. dxe5 Nxe4 5. Bd3 Nc6 6. O-O g6 7. Re1
Nc5 8. Bb5 a6 9. Bxc6+ bxc6 10. Nd4 Bd7 11. Nc3 Bg7 12. Bf4 O-O 13. Bg3 Re8 14.
Qf3 Rb8 15. b3 Ne6 16. Nxe6 Bxe6 17. Rad1 Qe7 18. Qe2 Bc8 19. Na4 Rb4 20. f3 a5
21. c3 Rb8 22. f4 h5 23. Bf2 Bg4 24. Qd2 Bxd1 25. Rxd1 Rb5 26. Qd3 Qe6 27. Nc5
Qf5 28. Qxf5 gxf5 29. a4 Rbb8 30. Bd4 Bf8 31. Nd7 Red8 32. Nxb8 Rxb8 33. Rb1 c5
34. Be3 c4 35. b4 axb4 36. cxb4 Rxb4 37. Rxb4 Bxb4 38. Kf1 c3 39. Ke2 Ba5 40.
Kd3 Kf8 41. Bd4 Ke8 42. h3 Kd7 43. Kc2 c6 44. Bc5 Kc7 45. Bd4 Bb4 46. g4 fxg4
47. hxg4 hxg4 48. f5 g3 49. Kb3 c5 50. Bg1 d4 51. Kc2 Kc6 52. e6 fxe6 53. f6
Kd7 54. Kd3 Ke8 55. a5 Bxa5 56. Kc2 Bb6 57. Kd3 Kf7 58. Kc2 Kxf6 0-1

[Event "Eastpointe (EDO/1a/7)"]
[Site "?"]
[Date "1993.??.??"]
[Round "?"]
[White "Jackson, J."]
[Black "Solski, Jeff"]
[Result "1-0"]
[WhiteElo "1835"]
[BlackElo "1605"]
[PlyCount "41"]
[EventDate "1993.??.??"]

1. e4 d6 2. d4 Nf6 3. Nc3 g6 4. Nf3 Bg7 5. Be2 Nc6 6. O-O h5 7. Re1 h4 8. h3
Nh5 9. Bg5 Bxh3 10. gxh3 Ng3 11. fxg3 hxg3 12. Bf1 Qd7 13. e5 O-O-O 14. Qe2
Rxh3 15. Bxh3 Qxh3 16. Qg2 Qg4 17. Re4 Qf5 18. Qxg3 Rh8 19. Qg4 dxe5 20. Qxf5+
gxf5 {[1-0,59?]} 21. Rxe5 1-0

[Event "East Lansing (MOR/1b/13)"]
[Site "?"]
[Date "1993.??.??"]
[Round "?"]
[White "Jackson, Don"]
[Black "Swathell, Gary"]
[Result "0-1"]
[WhiteElo "1605"]
[BlackElo "1660"]
[PlyCount "66"]
[EventDate "1993.??.??"]

1. d4 Nf6 2. e3 g6 3. Bd3 Bg7 4. Nd2 O-O 5. f4 d6 6. Ngf3 Nbd7 7. c3 Qe8 8. e4
e5 9. O-O exf4 10. Re1 Qd8 11. Nc4 b6 12. Bxf4 Bb7 13. e5 dxe5 14. Nfxe5 Nxe5
15. Nxe5 Nd7 16. Qg4 Nxe5 17. Bxe5 Bxe5 18. Rxe5 c5 19. Rae1 cxd4 20. cxd4 Bc8
21. Qf3 Be6 22. d5 Bd7 23. d6 Be6 24. Rxe6 fxe6 25. Qg3 Qf6 26. b3 Rad8 27.
Rxe6 Qd4+ 28. Kh1 Rf6 29. Rxf6 Qxf6 30. Qe1 Qxd6 31. Bc4+ Kg7 32. Qc3+ Qd4 33.
Qf3 Qd1+ 0-1

[Event "Flint (MI Senior/2)"]
[Site "?"]
[Date "1993.??.??"]
[Round "?"]
[White "Jackson, Don"]
[Black "Snuske, R."]
[Result "0-1"]
[WhiteElo "1605"]
[BlackElo "1605"]
[PlyCount "92"]
[EventDate "1993.??.??"]

1. d4 b6 2. e4 Bb7 3. Bd3 Nf6 4. Nd2 e6 5. f3 Be7 6. c3 O-O 7. Qc2 g6 8. Nh3
Nh5 9. O-O d6 10. Nc4 Re8 11. Bh6 Bc8 12. e5 d5 13. Ne3 Ba6 14. f4 Bxd3 15.
Qxd3 Nd7 16. Ng5 Bf8 17. Ng4 Ng7 18. Qh3 Nh5 19. Bxf8 Rxf8 20. f5 Qxg5 21. f6
Rac8 22. Kh1 c5 23. Nh6+ Qxh6 24. g4 cxd4 25. Rg1 Ng3+ 26. Qxg3 dxc3 27. bxc3
Qg5 28. h4 Qxe5 29. g5 Rxc3 30. Qxe5 Nxe5 31. Raf1 Rc2 32. h5 Rfc8 33. hxg6
hxg6 34. Rg3 Rc1 35. Kg2 Rxf1 36. Kxf1 Rc1+ 37. Kg2 Rc2+ 38. Kf1 Rxa2 39. Rc3
Ra1+ 40. Ke2 Ra2+ 41. Kd1 Nc4 42. Rd3 Rg2 43. Rc3 Rxg5 44. Kc2 a5 45. Kb3 Rf5
46. Ka4 Rxf6 0-1

[Event "Flint (MI Senior/3)"]
[Site "?"]
[Date "1993.??.??"]
[Round "?"]
[White "Jackson, Don"]
[Black "Repas, B."]
[Result "0-1"]
[WhiteElo "1605"]
[BlackElo "1605"]
[PlyCount "52"]
[EventDate "1993.??.??"]

1. d4 d5 2. e3 Nf6 3. Bd3 Nc6 4. c3 a6 5. Nd2 e5 6. f3 Bd6 7. h3 O-O 8. Ne2 Re8
9. Qc2 exd4 10. exd4 Bg3+ 11. Kf1 Qd6 12. Nb3 h6 13. Bxh6 gxh6 14. Nxg3 Qxg3
15. Qd2 b6 16. Re1 Qxe1+ 17. Qxe1 Rxe1+ 18. Kxe1 Bd7 19. Kf2 Ne7 20. Nc1 h5 21.
g4 hxg4 22. hxg4 Ng6 23. Bxg6 fxg6 24. Nd3 Rf8 25. g5 Nh5 26. Ke2 Ng3+ 0-1

[Event "Lansing (MI Am/3)"]
[Site "?"]
[Date "1993.??.??"]
[Round "?"]
[White "Jackson, Don"]
[Black "Fleshman, Justin"]
[Result "1-0"]
[WhiteElo "1605"]
[BlackElo "1605"]
[PlyCount "75"]
[EventDate "1993.??.??"]

1. d4 d5 2. e3 Bf5 3. c3 Nf6 4. Qb3 e6 5. Qxb7 Nbd7 6. Qc6 g6 7. Nd2 Bg7 8. Qa4
O-O 9. Ngf3 Nb6 10. Qd1 Qd7 11. Nh4 Qa4 12. b3 Qa5 13. b4 Qa4 14. Nxf5 exf5 15.
Nb3 Ne4 16. Qd3 Nc4 17. f3 Ned6 18. Nc5 Qb5 19. a4 Qa6 20. Nxa6 Rac8 21. Nc5
Nb6 22. Be2 c6 23. O-O Ne8 24. a5 Nc4 25. Nd7 Nf6 26. Nxf8 Rxf8 27. Qc2 Bh6 28.
Bxc4 dxc4 29. Qe2 Re8 30. e4 fxe4 31. Bxh6 Re6 32. Rae1 a6 33. Qxc4 e3 34. Rxe3
Rxe3 35. Bxe3 Nd5 36. Bh6 f6 37. Qxc6 f5 38. Qe8# 1-0

[Event "Lansing (MI Am/4)"]
[Site "?"]
[Date "1993.??.??"]
[Round "?"]
[White "Jackson, Don"]
[Black "Chamberlain, P."]
[Result "1-0"]
[WhiteElo "1605"]
[BlackElo "1605"]
[PlyCount "39"]
[EventDate "1993.??.??"]

1. d4 Nf6 2. e3 e6 3. Bd3 d5 4. Nd2 Be7 5. f4 O-O 6. Ngf3 Nbd7 7. Ne5 c5 8. c3
Qc7 9. O-O a6 10. Qf3 c4 11. Bc2 Rb8 12. e4 b5 13. a3 Bb7 14. Nxd7 Qxd7 15. e5
Ne8 16. f5 Bd8 17. f6 g6 18. Qh3 Bb6 19. Nf3 Nc7 20. Qh6 1-0

[Event "East Lansing (MOR/5/48)"]
[Site "?"]
[Date "1993.??.??"]
[Round "?"]
[White "Jackson, Don"]
[Black "Boyle, R."]
[Result "1-0"]
[WhiteElo "1605"]
[BlackElo "1605"]
[PlyCount "31"]
[EventDate "1993.??.??"]

{5/(48)} 1. d4 d5 2. e3 Bf5 3. c3 e6 4. Qb3 c5 5. Qxb7 Nd7 6. Bb5 Rb8 7. Bxd7+
Ke7 8. Qxa7 Ra8 9. Qxc5+ Kxd7 10. Qb5+ Ke7 11. Qe2 Nf6 12. Nd2 Be4 13. Nxe4
Nxe4 14. f3 Nf6 15. e4 Nh5 16. Bg5+ 1-0

[Event "East Lansing (MOR/3/49)"]
[Site "?"]
[Date "1993.??.??"]
[Round "?"]
[White "Jackson, Don"]
[Black "Arenson, Kevin"]
[Result "1-0"]
[WhiteElo "1605"]
[BlackElo "1605"]
[PlyCount "63"]
[EventDate "1993.??.??"]

{3/(49)} 1. d4 d5 2. e3 Nf6 3. Bd3 Nc6 4. c3 e5 5. Nd2 e4 6. Bb1 b5 7. f3 Qe7
8. fxe4 dxe4 9. Nxe4 Nxe4 10. Qf3 f5 11. Nh3 h6 12. Nf4 b4 13. Ng6 Qe6 14. Nxh8
Nf6 15. Bxf5 Qd5 16. e4 Qc4 17. Bg6+ Kd7 18. Nf7 Ba6 19. Qf5+ Ke7 20. Qc5+ Kd7
21. Qxc4 Bxc4 22. d5 Ne7 23. Ne5+ Kd6 24. Nxc4+ Kd7 25. Bf5+ Nxf5 26. exf5 Nxd5
27. O-O Bc5+ 28. Kh1 bxc3 29. bxc3 Nxc3 30. Bb2 Ne2 31. Rfd1+ Kc8 32. Bxg7 {
[Remainder illegible; 1-0, 47?]} 1-0

[Event "Flint (MI Senior/2)"]
[Site "?"]
[Date "1993.??.??"]
[Round "?"]
[White "Iyer, Krishnan"]
[Black "Thurman, John"]
[Result "0-1"]
[WhiteElo "1605"]
[BlackElo "1745"]
[PlyCount "34"]
[EventDate "1993.??.??"]

1. e4 d6 2. d4 Nf6 3. Nc3 g6 4. Bd3 Bg7 5. Nge2 O-O 6. O-O e5 7. Bg5 c6 8. f4
exd4 9. Nxd4 Qb6 10. Bc4 Nxe4 11. Nce2 Nxg5 12. fxg5 d5 13. Bb3 c5 14. c3 cxd4
15. cxd4 Bg4 16. Bxd5 Bxe2 17. Qxe2 Qxd4+ 0-1

[Event "East Lansing (MOR/4/26)"]
[Site "?"]
[Date "1993.??.??"]
[Round "?"]
[White "Iyer, Krishnan"]
[Black "Snuske, R."]
[Result "1/2-1/2"]
[WhiteElo "1605"]
[BlackElo "1605"]
[PlyCount "64"]
[EventDate "1993.??.??"]

{4/(26)} 1. e4 e5 2. f4 Bc5 3. Nf3 d6 4. Nc3 Bg4 5. Bc4 Nf6 6. fxe5 Bxf3 7.
Qxf3 dxe5 8. Ne2 Nc6 9. c3 Qe7 10. d3 a6 11. a3 b5 12. Bd5 Nxd5 13. exd5 e4 14.
Qxe4 Qxe4 15. dxe4 Ne5 16. Nd4 Nd3+ 17. Ke2 Nxc1+ 18. Raxc1 O-O 19. Rhf1 Rae8
20. Rf4 Bd6 21. Rg4 f5 22. Rh4 Rxe4+ 23. Rxe4 fxe4 24. g3 Rf6 25. Ke3 h5 26.
Rc2 Rf7 27. Kxe4 Re7+ 28. Kd3 Re5 29. Re2 Rxd5 30. c4 bxc4+ 31. Kxc4 Rc5+ 32.
Kb3 a5 1/2-1/2

[Event "Lansing (MI Am/5)"]
[Site "?"]
[Date "1993.??.??"]
[Round "?"]
[White "Iyer, Krishnan"]
[Black "Scott, A."]
[Result "1-0"]
[WhiteElo "1605"]
[BlackElo "1605"]
[PlyCount "53"]
[EventDate "1993.??.??"]

1. e4 e5 2. f4 d6 3. Nf3 Bg4 4. Bc4 Nc6 5. Bxf7+ Kxf7 6. Ng5+ Ke8 7. Qxg4 Nf6
8. Qe6+ Qe7 9. Qxe7+ Bxe7 10. Ne6 Nxe4 11. Nxc7+ Kd7 12. Nxa8 Rxa8 13. d3 Nf6
14. O-O Nd4 15. Na3 exf4 16. c3 Ne2+ 17. Kf2 Nxc1 18. Raxc1 Ng4+ 19. Kg1 Bg5
20. Rce1 Ne3 21. Rf3 Re8 22. Re2 h5 23. Nc4 d5 24. Nxe3 Rxe3 25. Rexe3 fxe3 26.
Rf5 e2 27. Kf2 1-0

[Event "Eastpointe (EDO/2/11)"]
[Site "?"]
[Date "1993.??.??"]
[Round "?"]
[White "Iyer, Krishnan"]
[Black "Robbins, Fred"]
[Result "0-1"]
[WhiteElo "1605"]
[BlackElo "1930"]
[PlyCount "80"]
[EventDate "1993.??.??"]

{2/(11)} 1. e4 Nf6 2. e5 Nd5 3. d4 d6 4. Nf3 Bg4 5. Be2 e6 6. c4 Nb6 7. Nc3 Be7
8. b3 Nc6 9. Be3 dxe5 10. Nxe5 Bxe2 11. Nxc6 bxc6 12. Qxe2 Bb4 13. Qc2 O-O 14.
O-O Qf6 15. f4 Bxc3 16. Qxc3 Rad8 17. Qa5 Ra8 18. Qe5 Qd8 19. Rf3 Nd7 20. Qe4
Nf6 21. Qxc6 Ng4 22. Qe4 Nxe3 23. Rxe3 Qd7 24. Qe5 Rad8 25. Rd1 Rfe8 26. Rg3 g6
27. Qc5 a6 28. h4 Qd6 29. Qe5 Qe7 30. h5 f6 31. Qe4 f5 32. Qe5 Qg7 33. hxg6
hxg6 34. Qc5 Rd7 35. Rg5 Red8 36. Kf1 Qf6 37. Qe5 Qxe5 38. fxe5 Kg7 39. Rg3
Rxd4 40. Rxd4 Rxd4 $138 0-1